00338nam a2200097Ia 45000010005000000080041000050820019000461000089000652450065001542600021002191834241024s9999 xx 000 0 und d aRD/372.5/R426n aRepública Dominicana. Secretaría de Estado de Educación, Bellas Artes y Cultos 0aNivel Medio. Modalidad de Artes. Plan Decenal de Educación bEd. Tallerc1995